=LDR 00000nam 2200000 4500 =001 INLIS000000000029458 =005 20130612131706 =008 ***********************************Ind** =035 ##$$0010-061300000029458 =041 ##$$a Ind =082 ##$$a 421.52 =090 ##$$a 421.52, Puj e =100 ##$$a Pujosudarmo, Gloria =245 ##$$a Rlt english for economics, panduan membaca buku reks berbahasa inggris fakultas Ekonomi, Dr. Gloria R. Pujosudarmo =260 ##$$a 1991 $b Jakarta =300 ##$$a 280 hlm, 21 cm =650 ##$$a Ekonomi =850 ##$$a NBPNMAT